17) GoldenEye Quiz - Statistics

General Stats
  • This quiz has been taken 573 times
    570 since last reset
  • The average score is 7 of 10
Answer Stats
Question Answer % Correct
Who performed the title song to GoldenEye? Tina Turner
89%
Complete the new M's appraisal of Bond: "a sexist, misogynist ________" dinosaur
86%
What is the name of the two-faced Roman god Alec Trevelyan uses for his codename? Janus
82%
What rank is the Naval officer squeezed to death by Xenia Onatopp on the yacht? Admiral
74%
What is the password to Boris's SPIKE program? CHAIR
69%
In the N64 game, what is the name of the first level in single player? Dam
66%
Who plays Irina, Zukovsky’s mistress who sings like a strangled cat? Minnie Driver
60%
What name is written above a tattoo of a rose on Jack Wade’s backside? Muffy
56%
Where in Siberia is the satellite control centre where Ouromov steals the GoldenEye? Severnaya
54%
As a programmer, what part of the GoldenEye does Natalya work on? guidance system
44%
No matching quizzes found
Score Distribution
Percent of People with Each Score
Percentile by Number Answered
Your Score History
You have not taken this quiz since the last reset